| 000 | 01476cam a22002775a 4500 | ||
|---|---|---|---|
| 001 | 14561609 | ||
| 005 | 20170112150909.0 | ||
| 008 | 060921t2007 paua frb 001 0 eng d | ||
| 020 | _a9781599041834 | ||
| 020 | _a1599041839 | ||
| 040 |
_aDLC _cDLC _dBAKER _dC#P _dYDX _dYDXCP _dBTCTA _dDLC _dEG-ScBUE _beng |
||
| 082 | 0 | 4 |
_a005.3 _222 _bARC |
| 245 | 0 | 0 |
_aArchitecture of reliable Web applications software / _c[editors] Moh'd A. Radaideh, Hayder Al-Ameed. |
| 260 |
_aHershey : _bIdea Group Publishing, _cc.2007. |
||
| 300 |
_axiv, 364 p. : _bill. ; _c26 cm. |
||
| 504 | _aIncludes bibliographical references and index. | ||
| 520 | _a"This book presents new concepts regarding reliability, availability, manageability, performance, scalability, and secured-ability of applications, particularly those that run over the Web. It examines causes of failure in Web-based information system development projects, and indicates that to exploit the unprecedented opportunities offered by e-service applications, businesses and users alike need a highly available, reliable, and efficient telecommunication infrastructure"--Provided by publisher. | ||
| 650 | 7 |
_aApplication software _xDevelopment. _2BUEsh _94599 |
|
| 650 | 7 |
_aWeb site development. _2BUEsh _911303 |
|
| 650 | 7 |
_aSoftware architecture. _2BUEsh _929417 |
|
| 651 | _2BUEsh | ||
| 653 |
_bCOMSCI _cJanuary2017 |
||
| 700 | 1 |
_aRadaideh, Moh'd A., _d1965- _eeditor. |
|
| 700 | 1 |
_aAl-Ameed, Hayder, _d1969- _eeditor. |
|
| 942 | _2ddc | ||
| 999 |
_c23917 _d23889 |
||